[Event "CRO-chT U20 30th"]
[Site "Rabac"]
[Date "2021.04.10"]
[Round "10.2"]
[White "Klapac, Patrik"]
[Black "Zadro, Matej"]
[Result "0-1"]
[WhiteElo "1780"]
[BlackElo "1742"]
[PlyCount "97"]
[EventDate "2021.04.06"]
[EventType "team-tourn"]
[EventRounds "11"]
[EventCountry "CRO"]
[SourceTitle "CBM 201 Extra"]
[Source "ChessBase"]
[SourceDate "2021.05.31"]
[SourceVersion "1"]
[SourceVersionDate "2021.05.31"]
[SourceQuality "1"]
[WhiteTeam "Oroslavje U20"]
[BlackTeam "Koprivnica U20"]
[WhiteTeamCountry "CRO"]
[BlackTeamCountry "CRO"]

1. e4 e5 2. Nf3 Nc6 3. Bc4 Nf6 4. d3 h6 5. Nc3 Bc5 6. 0-0 d6 7. h3 g5 8. Kh1 g4 9. Nh2 gxh3 10. g3 Qe7 11. Na4 Bb6 12. Nxb6 axb6 13. Be3 Be6 14. Bxe6 fxe6 15. Qd2 0-0-0 16. Bxh6 Rdg8 17. Bg5 Nxe4 18. dxe4 Rxg5 19. c3 Rgg8 20. b4 Qh7 21. Qe2 Kd7 22. Rad1 Qh5 23. Qe3 Ra8 24. Rd2 Ra3 25. Rb1 Rha8 26. g4 Qf7 27. Nf3 Qf4 28. Qxf4 exf4 29. g5 Rxa2 30. Rbd1 Rxd2 31. Rxd2 Ke7 32. Kh2 Rh8 33. Ra2 Kf7 34. Ng1 Kg6 35. Nxh3 e5 36. f3 Nd8 37. Kg2 Ne6 38. Ra7 Nxg5 39. Nxg5 Kxg5 40. Rxb7 Rh7 41. c4 Kh4 42. b5 Rg7+ 43. Kf2 Kh3 44. Ra7 Rg2+ 45. Kf1 Kg3 46. Rxc7 Kxf3 47. Rc6 Ra2 48. Ke1 Ke3 49. Rc7 0-1

[Event "CRO-chT U20 30th"]
[Site "Rabac"]
[Date "2021.04.08"]
[Round "5.2"]
[White "Ljubicic, Mario"]
[Black "Klapac, Patrik"]
[Result "1-0"]
[WhiteElo "2036"]
[BlackElo "1780"]
[PlyCount "49"]
[EventDate "2021.04.06"]
[EventType "team-tourn"]
[EventRounds "11"]
[EventCountry "CRO"]
[SourceTitle "CBM 201 Extra"]
[Source "ChessBase"]
[SourceDate "2021.05.31"]
[SourceVersion "1"]
[SourceVersionDate "2021.05.31"]
[SourceQuality "1"]
[WhiteTeam "Zadar Casper U20"]
[BlackTeam "Oroslavje U20"]
[WhiteTeamCountry "CRO"]
[BlackTeamCountry "CRO"]

1. e4 c5 2. Nf3 d6 3. d4 cxd4 4. Nxd4 Nf6 5. Nc3 a6 6. Bg5 e6 7. f4 Be7 8. Qf3 0-0 9. 0-0-0 Qc7 10. g4 b5 11. Kb1 Bb7 12. Bxf6 Bxf6 13. g5 Be7 14. h4 Nc6 15. Nce2 Rac8 16. Rh2 Nxd4 17. Nxd4 d5 18. e5 Bc5 19. g6 hxg6 20. Qg4 Bxd4 21. Rxd4 Qb6 22. Rd1 Qc6 23. h5 d4 24. hxg6 Qf3 25. Rh8+ 1-0

[Event "CRO-chT U20 30th"]
[Site "Rabac"]
[Date "2021.04.07"]
[Round "4.2"]
[White "Klapac, Patrik"]
[Black "Stjepic, Borna"]
[Result "1-0"]
[WhiteElo "1780"]
[BlackElo "1825"]
[PlyCount "67"]
[EventDate "2021.04.06"]
[EventType "team-tourn"]
[EventRounds "11"]
[EventCountry "CRO"]
[SourceTitle "CBM 201 Extra"]
[Source "ChessBase"]
[SourceDate "2021.05.31"]
[SourceVersion "1"]
[SourceVersionDate "2021.05.31"]
[SourceQuality "1"]
[WhiteTeam "Oroslavje U20"]
[BlackTeam "Zupanja U20"]
[WhiteTeamCountry "CRO"]
[BlackTeamCountry "CRO"]

1. e4 c5 2. Nf3 d6 3. d4 cxd4 4. Nxd4 Nf6 5. Nc3 a6 6. f3 e5 7. Nb3 Be7 8. Bd3 Be6 9. Be3 Nbd7 10. Qd2 h5 11. 0-0 b5 12. Rad1 Rc8 13. h3 Nb6 14. Qf2 Nc4 15. Bc1 h4 16. Nd2 Nh5 17. Nxc4 bxc4 18. Be2 Bg5 19. Bxg5 Qxg5 20. Kh2 Rh6 21. Rxd6 Nf4 22. Rfd1 Rb8 23. Bf1 Qe7 24. Qc5 Rg6 25. Qxe5 Rxb2 26. Rd8+ Qxd8 27. Rxd8+ Kxd8 28. Qxf4 Rxc2 29. Qxh4+ Kd7 30. e5 Rd2 31. Qe1 Rd4 32. Qe3 Rh4 33. Ne4 Bf5 34. Bxc4 1-0

[Event "CRO-chT U20 30th"]
[Site "Rabac"]
[Date "2021.04.07"]
[Round "3.2"]
[White "Vucenovic, Damian"]
[Black "Klapac, Patrik"]
[Result "0-1"]
[WhiteElo "2008"]
[BlackElo "1780"]
[PlyCount "134"]
[EventDate "2021.04.06"]
[EventType "team-tourn"]
[EventRounds "11"]
[EventCountry "CRO"]
[SourceTitle "CBM 201 Extra"]
[Source "ChessBase"]
[SourceDate "2021.05.31"]
[SourceVersion "1"]
[SourceVersionDate "2021.05.31"]
[SourceQuality "1"]
[WhiteTeam "Sesvete Agroproteinka U20"]
[BlackTeam "Oroslavje U20"]
[WhiteTeamCountry "CRO"]
[BlackTeamCountry "CRO"]

1. e4 c5 2. Nf3 d6 3. c3 Nf6 4. Bd3 Nc6 5. Bc2 g6 6. 0-0 Bg7 7. h3 0-0 8. Re1 e5 9. d3 h6 10. Be3 b6 11. Nh2 d5 12. Qf3 d4 13. Bd2 Bd7 14. Qe2 Qc7 15. Rf1 Nh5 16. Bb3 Be6 17. Bxe6 fxe6 18. Qg4 Qf7 19. g3 Kh7 20. Na3 Qe7 21. f4 exf4 22. gxf4 Qd6 23. Nb5 Qd7 24. c4 a6 25. Na3 Qd6 26. Rf2 Nf6 27. Qh4 Qe7 28. Rg2 Qf7 29. Rf1 Ne7 30. Kh1 Nh5 31. Rfg1 Ra7 32. Nf3 Qf6 33. Rg4 Rg8 34. Qf2 Qf7 35. Qg2 Bf6 36. Nc2 Raa8 37. b4 Raf8 38. a4 Bh8 39. a5 bxa5 40. bxc5 e5 41. Nxe5 Bxe5 42. fxe5 Nc6 43. Qh2 Qf3+ 44. R4g2 Qxd3 45. e6 Qxe4 46. Re1 Qf3 47. Kg1 Nf4 48. Bxf4 Qxf4 49. Qxf4 Rxf4 50. Rd2 Re8 51. Kg2 g5 52. Na3 Kg6 53. Rde2 Rf5 54. e7 Kf7 55. Re6 Rxe7 56. Rxe7+ Nxe7 57. Rf1 Rxf1 58. Kxf1 Nc6 59. Ke2 Ke6 60. Kd3 Ke5 61. Nc2 Nb4+ 62. Kd2 Nxc2 63. Kxc2 a4 64. Kb2 d3 65. Kc3 a3 66. c6 Kd6 67. c5+ Kxc6 0-1

[Event "Krapina op 10th"]
[Site "Krapina"]
[Date "2020.01.17"]
[Round "2"]
[White "Mlinaric, Simun"]
[Black "Klapac, Patrik"]
[Result "0-1"]
[WhiteElo "1422"]
[BlackElo "1790"]
[PlyCount "122"]
[EventDate "2020.01.16"]
[EventType "swiss"]
[EventRounds "7"]
[EventCountry "CRO"]
[SourceTitle "CBM 194 Extra"]
[Source "ChessBase"]
[SourceDate "2020.03.31"]
[SourceVersion "1"]
[SourceVersionDate "2020.03.31"]
[SourceQuality "1"]

1. d4 Nf6 2. e3 g6 3. Nf3 Bg7 4. Be2 0-0 5. 0-0 d6 6. c4 b6 7. Nc3 Bb7 8. b3 Nfd7 9. Bb2 e5 10. dxe5 Nxe5 11. h3 Nbd7 12. Rb1 Re8 13. Nd5 Nf6 14. Nxf6+ Bxf6 15. Nxe5 Bxe5 16. Bxe5 Rxe5 17. Bf3 Be4 18. Bxe4 Rxe4 19. Qd5 Re5 20. Qd4 Qe7 21. Rbd1 Re8 22. Rfe1 Qe6 23. Qf4 Ra5 24. Rd2 Rf5 25. Qh4 Qe5 26. Rd5 Qc3 27. Red1 Rxd5 28. cxd5 Qc2 29. Qd4 Qxa2 30. Qc4 Rc8 31. Kf1 Qa3 32. b4 Qa4 33. Rc1 Qd7 34. b5 Kf8 35. Ra1 Ra8 36. Rc1 h5 37. Qc6 Qxc6 38. Rxc6 Rc8 39. Rc4 Ke7 40. Ke2 f5 41. e4 Kf6 42. exf5 Kxf5 43. f4 g5 44. fxg5 Kxg5 45. g4 hxg4 46. hxg4 Re8+ 47. Kd3 Re5 48. Kd4 Re7 49. Ra4 Kxg4 50. Rxa7 Kf3 51. Ra3+ Kf4 52. Rc3 Re4+ 53. Kd3 Re3+ 54. Kd4 Rxc3 55. Kxc3 Ke5 56. Kc4 Ke4 57. Kc3 Kxd5 58. Kb4 Kd4 59. Ka4 Kc3 60. Ka3 d5 61. Ka4 d4 0-1

[Event "CRO-ch U17/U19"]
[Site "Vinkovci"]
[Date "2019.07.28"]
[Round "9"]
[White "Muha, Miljenko"]
[Black "Klapac, Patrik"]
[Result "1-0"]
[WhiteElo "2345"]
[BlackElo "1847"]
[PlyCount "59"]
[EventDate "2019.07.22"]
[EventType "swiss"]
[EventRounds "9"]
[EventCountry "CRO"]
[SourceTitle "EXT 2020"]
[Source "ChessBase"]
[SourceDate "2019.10.17"]
[SourceVersion "1"]
[SourceVersionDate "2019.10.17"]
[SourceQuality "1"]

1. Nf3 Nf6 2. c4 e6 3. g3 d5 4. Bg2 Be7 5. 0-0 0-0 6. d4 b6 7. cxd5 exd5 8. Nc3 Be6 9. Bf4 Nbd7 10. Ne5 Bd6 11. Rc1 Nb8 12. Nb5 a6 13. Nxd6 cxd6 14. Nd3 a5 15. Qb3 Ra7 16. Bg5 Nbd7 17. Nf4 Qa8 18. Bxf6 Nxf6 19. Qxb6 Ra6 20. Qb3 Rb8 21. Qa3 Qb7 22. Nxe6 fxe6 23. Rc2 Qb4 24. Qe3 Re8 25. Rc8 Kf7 26. Rxe8 Nxe8 27. Bh3 Nc7 28. Qf4+ Kg8 29. Rc1 Ra7 30. Bxe6+ 1-0

[Event "Hum na Sutli op 12th"]
[Site "Hum na Sutli"]
[Date "2018.08.29"]
[Round "7"]
[White "Klapac, Patrik"]
[Black "Suta, Andraz"]
[Result "0-1"]
[WhiteElo "1786"]
[BlackElo "2168"]
[PlyCount "104"]
[EventDate "2018.08.25"]
[EventType "swiss"]
[EventRounds "9"]
[EventCountry "CRO"]
[SourceTitle "CBM 186 Extra"]
[Source "ChessBase"]
[SourceDate "2018.08.24"]
[SourceVersion "1"]
[SourceVersionDate "2018.08.24"]
[SourceQuality "1"]

1. e4 c5 2. Nf3 e6 3. d4 cxd4 4. Nxd4 a6 5. Bc4 Qc7 6. Bb3 Nf6 7. f3 Bb4+ 8. c3 Bd6 9. g3 0-0 10. Be3 Be7 11. Nd2 b5 12. a4 bxa4 13. Rxa4 Bb7 14. Nc4 d5 15. Bf4 Qd8 16. Na5 Qb6 17. Nxb7 Qxb7 18. exd5 Nxd5 19. Bxd5 Qxd5 20. Qe2 Bf6 21. Nc2 Nc6 22. Nb4 Qb3 23. Qc2 Qc4 24. Qe2 Qb5 25. Rxa6 Qb7 26. 0-0 Nxb4 27. Rxa8 Rxa8 28. cxb4 Qxb4 29. Qe4 Qxe4 30. fxe4 Bxb2 31. Rb1 Bd4+ 32. Kg2 Ra2+ 33. Kh3 f6 34. Bd6 Ra7 35. Kg4 Rd7 36. Rb8+ Kf7 37. Bb4 Be5 38. Rb5 g6 39. Kf3 h5 40. Ra5 g5 41. Ra8 Rd3+ 42. Ke2 Rd4 43. Ra7+ Kg6 44. Bf8 Rxe4+ 45. Kf3 f5 46. Re7 Bd6 47. Rg7+ Kf6 48. Rg8 Kf7 49. Rxg5 Bxf8 50. Rxh5 Ra4 51. Rh7+ Bg7 52. h3 Kg6 0-1

[Event "CRO-chT U16"]
[Site "Nasice"]
[Date "2017.12.28"]
[Round "4"]
[White "Drempetic, Mario"]
[Black "Klapac, Patrik"]
[Result "1-0"]
[WhiteElo "1716"]
[BlackElo "1812"]
[PlyCount "112"]
[EventDate "2017.12.27"]
[EventType "team-tourn"]
[EventRounds "7"]
[EventCountry "CRO"]
[SourceTitle "EXT 2019"]
[Source "ChessBase"]
[SourceDate "2018.10.10"]
[SourceVersion "1"]
[SourceVersionDate "2018.10.10"]
[SourceQuality "1"]

1. d4 Nf6 2. c4 e6 3. Nc3 d5 4. Bg5 Be7 5. Nf3 0-0 6. e3 b6 7. Bd3 Bb7 8. Rc1 Nbd7 9. 0-0 h6 10. Bf4 Nh5 11. Bg3 Nxg3 12. hxg3 Nf6 13. Ne5 Bd6 14. Qe2 Ne4 15. cxd5 exd5 16. Nf3 f5 17. Nb5 Qe7 18. Rc2 c5 19. Nxd6 Qxd6 20. Rfc1 c4 21. Bxe4 fxe4 22. Ne5 b5 23. Qg4 Bc8 24. Qh5 Rf5 25. Qe8+ Kh7 26. Qxb5 Rb8 27. Qa5 a6 28. b3 Be6 29. bxc4 dxc4 30. Nxc4 Rxa5 31. Nxd6 Bxa2 32. Rc5 Ra3 33. Nxe4 Bb1 34. Nd2 Bg6 35. Nc4 Ra2 36. Ra5 Re2 37. Rxa6 Rc8 38. Raa1 Rf8 39. Rf1 Bd3 40. Ne5 Bf5 41. Rfe1 Rc2 42. Rac1 Rb2 43. f3 Bc8 44. e4 Ba6 45. g4 Re8 46. Kh2 Rb4 47. Nc6 Rb2 48. d5 Bc8 49. e5 Rf8 50. Kg3 h5 51. Rh1 g6 52. gxh5 g5 53. e6 Rf4 54. Ne5 Rb8 55. Rc7+ Kg8 56. h6 Ba6 1-0